Потребность в труде как основа нравственного формирования личности; Проблемы комплексного подхода к коммунистическому воспитанию молодежи в свете решений XXV съезда КПСС

Manylion Llyfryddiaeth
Parent link:Проблемы комплексного подхода к коммунистическому воспитанию молодежи в свете решений XXV съезда КПСС.— 1979.— С. 27-30
Prif Awdur: Артюхова Т. З. Татьяна Захаровна
Iaith:Rwseg
Cyhoeddwyd: 1979
Pynciau:
Fformat: MixedMaterials Pennod Llyfr
KOHA link:https://koha.lib.tpu.ru/cgi-bin/koha/opac-detail.pl?biblionumber=229412

MARC

LEADER 00000naa2a2200000 4500
001 229412
005 20231031202356.0
035 |a (RuTPU)RU\TPU\book\250027 
090 |a 229412 
100 |a 20130111d1979 k y0rusy50 ca 
101 0 |a rus 
102 |a RU 
200 1 |a Потребность в труде как основа нравственного формирования личности  |f Т. З. Артюхова 
463 0 |0 (RuTPU)RU\TPU\retro\31632  |t Проблемы комплексного подхода к коммунистическому воспитанию молодежи в свете решений XXV съезда КПСС  |o [сборник]  |f ред. А. К. Сухотин  |v С. 27-30  |d 1979  |p 167 с. 
610 1 |a труды учёных ТПУ 
700 1 |a Артюхова  |b Т. З.  |c экономист  |c доцент Томского политехнического университета, кандидат экономических наук  |f 1951-  |g Татьяна Захаровна  |2 stltpush  |3 (RuTPU)RU\TPU\pers\25115 
801 1 |a RU  |b 63413507  |c 20130111 
801 2 |a RU  |b 63413507  |c 20221226  |g RCR 
942 |c BK